000 00708nam a22002412a 4500
999 _c10437
_d10437
001 10437
003 BD-JhCC
005 20180428181852.0
008 180426s1965 enk 000 1 eng d
020 _a822002566
035 _aOCLC ocm10553641 from D951110M
_a(BD-JhCC)10437
040 _aDLC
_cDLC
_dUKM
_dEQO
_dBD-JhCC
041 _aeng
050 0 _aPR6015.U9
_bB65 1984
082 _a820.900912
_219
_bPAU 1965
100 _aPaul, Warren
245 1 0 _aBrave new world and Brave new world revisited :
_bnotes ... /
_cWarren Paul,
260 _aLondon :
_bCliff's notes,
_bHogarth Press,
_c1965.
300 _a66 p. :
_c21 p
600 _aHuxley, Aldous, 1894-1963
942 _2ddc
_cBK